Personální a kádrová práce

Guardado en:
Detalles Bibliográficos
Autor principal: Khol, Josef
Formato: Libro
Lenguaje:checo
Publicado: Praha Institut řízení 1968
Etiquetas: Agregar Etiqueta
Sin Etiquetas, Sea el primero en etiquetar este registro!

MARC

LEADER 00000nam a2200000 4500
001 c122450
005 20041019155225.3
041 0 |a cze 
044 |a CZ 
245 1 0 |a Personální a kádrová práce  |c Josef Khol 
264 1 |a Praha  |b Institut řízení  |c 1968 
300 |a 114 s. 
100 1 |a Khol, Josef